000 02393nam a2200445 4500
001 14047
003 http://catalogue.bnf.fr/ark:/12148/cb48727119k
005 20260326110242.0
010 _a9782381981017
_d16 EUR
073 0 _a9782381981017
090 _a14047
099 _o0
100 _a20260311d2026 m y0frey50 ba
101 0 _afre
102 _aFR
105 _a||||z 00|||
181 0 _601
_ai
_bxxxe
181 _602
_ctxt
_2rdacontent
182 0 _601
_an
182 _602
_cn
_2rdamedia
200 1 _aÀ notre place
_bTexte imprimé
214 0 _cL'Arche Editeur
_d2026
214 3 _cImpr. Normandie Roto Impression
214 0 _aMontreuil
214 3 _a61-Alençon
215 _a1 vol. (144 p.)
215 _d19 cm
225 1 _aScène ouverte
323 _a3 personnages
330 _aIl y a trois femmes. Astrid et Eva se connaissent depuis longtemps, leur amitié ayant résisté au temps, aux entêtements, aux disputes. Astrid et Sara se connaissent depuis très peu, après une rencontre fortuite sur un banc. Dans ce triangle incertain, elles se racontent, mettent à l épreuve leurs liens, essayent de définir ce que veut dire l amitié. L histoire de leur vie apparaît en filigrane, quand l une ou l autre prend le rôle d un père, d un fils ou d un frère, et rejoue une scène essentielle qui a changé le cours de leur existence. Par un léger glissement, les identités se déplacent. Au fil du temps passé ensemble, toutes les trois se demandent : comment trouver sa place, la bonne distance, être proche sans disparaître, tout en restant fidèle à soi-même ? À une époque où la complexité des êtres n’a guère de place, Lygre nous embarque dans les profondeurs cachées de l’amitié comme dans une aventure tour à tour dérangeante, drôle et émouvante, pleine de surprises. Et il fait de l’espace d’hypersensibilité qu’ouvre son écriture un magnifique terrain de jeu, offert à trois actrices… et à une dizaine de personnages.
454 1 _tI vårt sted
610 _aamitié
_afemme
_aféminisme
_aintimité
700 _aLygre
_bArne
700 _cAuteur du texte
702 _aBraunschweig
_bStéphane
702 _aSchenka
_bAstrid
702 _cTraducteur
702 _cTraducteur
801 0 _aFR
_bFR-751131015
_c20260311
_gAFNOR
_hFRBNF487271190000004
856 2 _u1197649
_bPremière de couverture